| 000 | 00943nam2a22002651 4500 | ||
|---|---|---|---|
| 001 | RU\NLR\INFOCOMM6\1000507451 | ||
| 005 | 20250617012714.0 | ||
| 035 | _a(NLR Aleph) 002343516 | ||
| 090 |
_a13295745 _c13295745 |
||
| 100 | _a20041104d1978 |||y0rusy50 ca | ||
| 101 | 0 | _arus | |
| 102 | _aEE | ||
| 105 | _ay ||||||||| | ||
| 200 | 0 | _a[Вып.1] | |
| 210 |
_d1978 _aБ. м. |
||
| 225 | 1 |
_a... _vВып.434 |
|
| 225 | 1 |
_a... _vВып.32 |
|
| 461 | 0 |
_1001RU\NLR\INFOCOMM6\1000507450 _12001#$aСовершенствование финансового механизма в управлении народным хозяйством (теоретические схемы АСУ - финансы предприятий)$eМежвуз. сб.$fТарт. гос. ун-т$v[Вып.1] |
|
| 801 | 1 |
_aRU _bInfoComm _c20041104 |
|
| 801 | 0 |
_aRU _bNLR _gPSBO |
|
| 852 |
_aNLR _bОНЛ |
||
| 942 | _cISSUE | ||
| 980 | _aRUSPER | ||
| 980 | _aNB | ||